CRIMINAL PROCEDURE (Record no. 216455)
[ view plain ]
| 000 -LEADER | |
|---|---|
| fixed length control field | 00481nam a22001697a 4500 |
| 008 - FIXED-LENGTH DATA ELEMENTS--GENERAL INFORMATION | |
| fixed length control field | 260114b |||||||| |||| 00| 0 eng d |
| 020 ## - INTERNATIONAL STANDARD BOOK NUMBER | |
| International Standard Book Number | 978-1-5438-0438-6 |
| 100 ## - MAIN ENTRY--PERSONAL NAME | |
| Personal name | ALLEN, RONALD JAY |
| 245 ## - TITLE STATEMENT | |
| Title | CRIMINAL PROCEDURE |
| Remainder of title | ADJUDICATION AND RIGHT TO COUNSEL |
| 250 ## - EDITION STATEMENT | |
| Edition statement | 3RD ED |
| 260 ## - PUBLICATION, DISTRIBUTION, ETC. | |
| Place of publication, distribution, etc. | NEW YORK |
| Name of publisher, distributor, etc. | WOLTERS KLUWER |
| Date of publication, distribution, etc. | 2020 |
| 300 ## - PHYSICAL DESCRIPTION | |
| Extent | XXV, 1755P. |
| 500 ## - GENERAL NOTE | |
| General note | INCLUDES INDEX |
| 650 ## - SUBJECT ADDED ENTRY | |
| Topical term or geographic name entry element | CRIMINAL PROCEDURE- UNITED STATES |
| 942 ## - ADDED ENTRY ELEMENTS (KOHA) | |
| Source of classification or shelving scheme | Library of Congress Classification |
| Koha item type | Long Loan Book |
| Withdrawn status | Lost status | Source of classification or shelving scheme | Damaged status | Not for loan | Collection | Home library | Current library | Shelving location | Date acquired | Inventory number | Total checkouts | Full call number | Barcode | Date last seen | Copy number | Price effective from | Koha item type |
|---|---|---|---|---|---|---|---|---|---|---|---|---|---|---|---|---|---|
| Library of Congress Classification | Law | Kisii University Library | Kisii University Library | On Display | 01/14/2026 | 110378 | KF 9619 .C75 2020 | 000000024775 | 01/14/2026 | C.1 | 01/14/2026 | Long Loan Book | |||||
| Library of Congress Classification | Law | Kisii University Library | Kisii University Library | On Display | 01/14/2026 | 110379 | KF 9619 .C75 2020 | 000000024776 | 01/14/2026 | C.2 | 01/14/2026 | Long Loan Book | |||||
| Library of Congress Classification | Law | Kisii University Library | Kisii University Library | On Display | 01/14/2026 | 110380 | KF 9619 .C75 2020 | 000000024777 | 01/14/2026 | C.3 | 01/14/2026 | Long Loan Book | |||||
| Library of Congress Classification | Law | Kisii University Library | Kisii University Library | On Display | 01/14/2026 | 110381 | KF 9619 .C75 2020 | 000000024778 | 01/14/2026 | C.4 | 01/14/2026 | Long Loan Book |